[Event "AUTO-MASTER-1825"]
[Site "http://www.queenalice.com/game.php?id=1154631"]
[Date "2013.2.22"]
[Round "1"]
[White "chessguy"]
[Black "rhsatrhs"]
[Result "1-0"]
[WhiteElo "1929"]
[BlackElo "2020"]

1. d4 d5 2. Nf3 c6 3. Bf4 Bg4 4. h3 Bh5 5. g4 Bg6 6. Ne5 Nd7 7. Nd2 Nxe5 8. Bxe5
f6 9. Bf4 c5 10. Nf3 e6 11. e3 Qb6 12. b3 Be4 13. Bd3 Bxf3 14. Qxf3 cxd4 15. e4
Bb4+ 16. Ke2 Ne7 17. e5 O-O 18. g5 fxg5 19. Qh5 h6 20. Bxg5 hxg5 21. Bh7+ 1-0

[Event "AUTO-MASTER-1825"]
[Site "http://www.queenalice.com/game.php?id=1154632"]
[Date "2013.2.22"]
[Round "1"]
[White "rhsatrhs"]
[Black "chessguy"]
[Result "1-0"]
[WhiteElo "2034"]
[BlackElo "1868"]

1. e4 Nc6 2. d4 e6 3. Nf3 Nf6 4. e5 Nd5 5. c4 Nde7 6. Nc3 b6 7. Bd3 Bb7 8. O-O
d5 9. b3 Nb4 10. Bg5 h6 11. Bh4 g5 12. Bg3 Nxd3 13. Qxd3 dxc4 14. bxc4 Ng6 15.
Rad1 g4 16. Nd2 h5 17. f3 h4 18. Bf2 Nf4 19. Qe3 Bh6 20. Kh1 Nxg2 21. Qe2 Nf4
22. Qe3 Nd5 23. Qd3 Nxc3 24. Qxc3 g3 25. Bg1 Qg5 26. Kg2 h3+ 27. Kxh3 Qf5+ 28.
Kg2 Bxd2 29. Qxd2 Qh3+ 30. Kh1 O-O-O 31. Qg2 Qxg2+ 32. Kxg2 gxh2 33. Bxh2 Rdg8+
34. Bg3 Ba6 35. Rc1 b5 36. cxb5 Bxb5 37. Rfe1 Kd7 38. Kf2 c6 39. Bf4 Rg6 40. Rc3
a5 41. a4 Bxa4 42. Ra1 Bb5 43. Rxa5 Rh4 44. Ra7+ Kc8 45. Rxf7 Rh1 46. Rf6 Rf1+
47. Ke3 Rg2 48. Bh6 Re2+ 49. Kf4 Rd1 50. Rxe6 Rxd4+ 51. Kf5 Kd7 52. Kf6 Rh4 53.
Re7+ Kd8 54. Bg5 Rh5 55. Ra3 1-0

[Event "AUTO-MASTER-1825"]
[Site "http://www.queenalice.com/game.php?id=1154639"]
[Date "2013.2.22"]
[Round "1"]
[White "rhsatrhs"]
[Black "pony"]
[Result "0-1"]
[WhiteElo "2069"]
[BlackElo "2216"]

1. e4 c5 2. Nf3 Nc6 3. Bb5 Nf6 4. Nc3 Qc7 5. d3 Nd4 6. Ba4 e6 7. O-O a6 8. Be3
b5 9. Bb3 Nxb3 10. axb3 Bb7 11. Qd2 d6 12. d4 cxd4 13. Bxd4 e5 14. Be3 Nxe4 15.
Nxe4 Bxe4 16. Ng5 Bb7 17. Rfc1 h6 18. Nh3 d5 19. Kh1 d4 20. Bxd4 exd4 21. Qxd4
Bc5 22. Qc3 O-O 23. b4 Bd6 24. Qd3 Rad8 25. Qd4 Bxh2 26. Qg4 Be5 27. c3 Rd6 28.
Rg1 Rg6 29. Qe2 Qd7 30. f3 Bb8 31. Nf2 Qc7 0-1

[Event "AUTO-MASTER-1825"]
[Site "http://www.queenalice.com/game.php?id=1154640"]
[Date "2013.2.22"]
[Round "1"]
[White "pony"]
[Black "rhsatrhs"]
[Result "1-0"]
[WhiteElo "2217"]
[BlackElo "2080"]

1. e4 c5 2. Nf3 d6 3. Bb5+ Bd7 4. Bxd7+ Qxd7 5. c4 Nc6 6. O-O g6 7. d4 cxd4 8.
Nxd4 Bg7 9. Ne2 Nf6 10. f3 O-O 11. Nbc3 e6 12. Rb1 Rac8 13. b3 Rfd8 14. Bg5 Ne7
15. Qd2 Rc5 16. Be3 Rh5 17. Bxa7 d5 18. Ng3 Rh4 19. cxd5 exd5 20. Rbd1 dxe4 21.
Qg5 1-0

[Event "aknightout"]
[Site "http://www.queenalice.com/game.php?id=1162306"]
[Date "2013.3.18"]
[Round "4"]
[White "HILITO"]
[Black "rhsatrhs"]
[Result "1-0"]
[WhiteElo "2088"]
[BlackElo "2016"]

1. e4 c5 2. Nf3 d6 3. d3 Nc6 4. Nbd2 g6 5. g3 Bg7 6. Bg2 e6 7. O-O Nge7 8. c3
O-O 9. Re1 Rb8 10. Qc2 b5 11. Nf1 Qb6 12. Bg5 f6 13. Be3 b4 14. Rab1 Ba6 15. d4
Rfd8 16. Bh3 f5 17. Ng5 cxd4 18. cxd4 Bxd4 19. Nxe6 Rdc8 20. Qb3 Na5 21. Bxd4
Nxb3 22. Bxb6 Rxb6 23. axb3 fxe4 24. Rxe4 Bd3 25. Rbe1 Bxe4 26. Rxe4 Rc2 27. Nd4
Rxb2 28. Rxe7 Ra6 29. Be6+ Kf8 30. Rxh7 Ra1 31. Rf7+ Ke8 32. Kg2 Rd1 33. Nc6 Re1
34. Bc4 Rc1 35. Rxa7 1-0

[Event "AUTO-OPEN-2724"]
[Site "http://www.queenalice.com/game.php?id=1164904"]
[Date "2013.3.26"]
[Round "3"]
[White "rhsatrhs"]
[Black "amarkin"]
[Result "0-1"]
[WhiteElo "2038"]
[BlackElo "2549"]

1. e4 c5 2. Nf3 d6 3. d4 cxd4 4. Nxd4 Nf6 5. Nc3 a6 6. Be3 e5 7. Nb3 Be6 8. Qd2
Nbd7 9. O-O-O b5 10. f4 Be7 11. f5 Bc4 12. Kb1 Rc8 13. g4 Nxg4 14. Rg1 Nxe3 15.
Qxe3 Qb6 16. Qxb6 Nxb6 17. Rxg7 b4 18. Bxc4 Rxc4 19. Nd2 bxc3 20. Nxc4 Nxc4 21.
bxc3 Bf6 22. Rg3 Kd7 23. Ka1 Kc6 24. Rgd3 Bg5 25. a4 h6 26. Rb1 Nd2 27. Rb2 Nxe4
28. Rb4 Nc5 29. Rd1 a5 30. Rg4 e4 31. h4 Bf6 32. Ka2 Nxa4 33. Kb3 Nxc3 34. Re1
Rb8+ 35. Ka3 d5 0-1

[Event "AUTO-OPEN-2724"]
[Site "http://www.queenalice.com/game.php?id=1164905"]
[Date "2013.3.26"]
[Round "3"]
[White "amarkin"]
[Black "rhsatrhs"]
[Result "1-0"]
[WhiteElo "2525"]
[BlackElo "2019"]

1. d4 Nf6 2. c4 e6 3. Nc3 Bb4 4. Qc2 O-O 5. Nf3 c5 6. dxc5 Na6 7. g3 Nxc5 8. Bg2
Nce4 9. O-O Nxc3 10. bxc3 Bc5 11. Rb1 d6 12. Rd1 Rb8 13. Nd2 Qc7 14. Nb3 Bb6 15.
Ba3 Qxc4 16. Bxd6 Bxf2+ 17. Kxf2 Ng4+ 18. Kg1 Ne3 19. Qd3 Qxd3 20. Rxd3 1-0

[Event "AUTO-OPEN-2724"]
[Site "http://www.queenalice.com/game.php?id=1164906"]
[Date "2013.3.26"]
[Round "3"]
[White "rhsatrhs"]
[Black "Nephi_R"]
[Result "1-0"]
[WhiteElo "2028"]
[BlackElo "1880"]

1. e4 c5 2. Nf3 d6 3. d4 cxd4 4. Nxd4 a6 5. Be3 g6 6. Nc3 Bg7 7. Bc4 Nf6 8. Qd2
Ng4 9. Bg5 h6 10. Bh4 Nc6 11. Nxc6 bxc6 12. O-O-O Be6 13. Bxe6 fxe6 14. h3 Ne5
15. f4 1-0

[Event "AUTO-OPEN-2724"]
[Site "http://www.queenalice.com/game.php?id=1164907"]
[Date "2013.3.26"]
[Round "3"]
[White "Nephi_R"]
[Black "rhsatrhs"]
[Result "0-1"]
[WhiteElo "1891"]
[BlackElo "2017"]

1. d4 Nf6 2. Nf3 c5 3. d5 e6 4. c4 exd5 5. cxd5 d6 6. Bg5 g6 7. Nc3 h6 8. Bf4
Bg7 9. e3 a6 10. a4 O-O 11. Be2 Bf5 12. Qb3 b6 13. Nh4 Be4 14. Nxe4 Nxe4 0-1

[Event "AUTO-MASTER-1777"]
[Site "http://www.queenalice.com/game.php?id=1185689"]
[Date "2013.5.29"]
[Round "2"]
[White "tycojp"]
[Black "rhsatrhs"]
[Result "1-0"]
[WhiteElo "2364"]
[BlackElo "2040"]

1. Nf3 g6 2. g3 Bg7 3. d4 Nf6 4. Bg2 O-O 5. O-O d5 6. c4 dxc4 7. Na3 Nc6 8. Nxc4
Be6 9. b3 a5 10. Bb2 Bd5 11. Rc1 a4 12. bxa4 Ra6 13. Nfe5 Bxg2 14. Kxg2 Qa8 15.
Nxc6 bxc6 16. a5 c5+ 17. f3 Rd8 18. Ba3 Rxd4 19. Qb3 Qd5 20. Bb2 Bh6 21. Bxd4
Bxc1 22. Bxf6 Rxf6 23. Rxc1 1-0

[Event "AUTO-MASTER-1777"]
[Site "http://www.queenalice.com/game.php?id=1185690"]
[Date "2013.5.29"]
[Round "2"]
[White "rhsatrhs"]
[Black "tycojp"]
[Result "0-1"]
[WhiteElo "2043"]
[BlackElo "2362"]

1. e4 Nf6 2. e5 Nd5 3. c4 Nb6 4. d4 d6 5. exd6 cxd6 6. Nc3 g6 7. Be3 Bg7 8. Rc1
O-O 9. b3 Nc6 10. d5 Ne5 11. Be2 f5 12. f4 Ng4 13. Qd2 Nxe3 14. Qxe3 e5 15. Nf3
Nd7 16. Nb5 Bh6 17. g3 exf4 18. gxf4 Re8 19. Qd4 Re4 20. Qc3 Qe7 21. Nfd4 Bxf4
22. Rc2 Ne5 23. O-O a6 24. Na3 Be3+ 0-1

[Event "AUTO-MASTER-1777"]
[Site "http://www.queenalice.com/game.php?id=1185693"]
[Date "2013.5.29"]
[Round "2"]
[White "rhsatrhs"]
[Black "EL_CHICO"]
[Result "0-1"]
[WhiteElo "2027"]
[BlackElo "2189"]

1. e4 e5 2. Nf3 Nc6 3. Bb5 d6 4. d4 Bd7 5. Nc3 exd4 6. Nxd4 Nxd4 7. Bxd7+ Qxd7
8. Qxd4 c5 9. Qd3 Nf6 10. Bf4 O-O-O 11. O-O Nh5 12. Bd2 g6 13. Rad1 Bg7 14. a4
Rhe8 15. Nb5 a6 16. Ba5 axb5 17. Bxd8 Rxd8 18. axb5 Bxb2 19. Qb3 Be5 20. c3 b6
21. Ra1 d5 22. Ra8+ Bb8 23. exd5 Qxd5 24. Qxd5 Rxd5 25. Rc1 Nf4 26. Kf1 Rd2 27.
Ke1 Rb2 28. Kd1 Rxf2 0-1

[Event "AUTO-MASTER-1777"]
[Site "http://www.queenalice.com/game.php?id=1185694"]
[Date "2013.5.29"]
[Round "2"]
[White "EL_CHICO"]
[Black "rhsatrhs"]
[Result "1-0"]
[WhiteElo "2181"]
[BlackElo "2037"]

1. d4 Nf6 2. g3 g6 3. Bg2 Bg7 4. Nf3 d5 5. Bf4 O-O 6. Nc3 Nbd7 7. h4 c5 8. Qd2
b6 9. e3 Bb7 10. Ne5 Nh5 11. O-O-O Nxf4 12. gxf4 e6 13. h5 g5 14. Nxd7 Qxd7 15.
fxg5 h6 16. f4 b5 17. gxh6 Bxh6 18. Rdg1 Kh7 19. dxc5 b4 20. Qd3+ f5 21. Ne2 Qc6
22. Nd4 Qe8 23. Bh3 Rf6 24. Rg6 Rxg6 25. hxg6+ Kg7 26. Bxf5 1-0

[Event "AUTO-OPEN-2882"]
[Site "http://www.queenalice.com/game.php?id=1201472"]
[Date "2013.7.20"]
[Round "2"]
[White "ajbsantos"]
[Black "rhsatrhs"]
[Result "1-0"]
[WhiteElo "2141"]
[BlackElo "2029"]

1. e4 c5 2. Nf3 d6 3. d4 cxd4 4. Nxd4 Nf6 5. Nc3 a6 6. Bg5 e6 7. f4 Qb6 8. Qd2
Qxb2 9. Rb1 Qa3 10. f5 b5 11. fxe6 fxe6 12. Rb3 Qc5 13. Bxf6 gxf6 14. Be2 Qg5
15. Qxg5 fxg5 16. Bh5+ Ke7 17. O-O Nd7 18. Rf7+ 1-0

[Event "AUTO-OPEN-2882"]
[Site "http://www.queenalice.com/game.php?id=1201473"]
[Date "2013.7.20"]
[Round "2"]
[White "rhsatrhs"]
[Black "ajbsantos"]
[Result "0-1"]
[WhiteElo "2013"]
[BlackElo "2150"]

1. e4 e5 2. Nf3 Nc6 3. Bb5 a6 4. Ba4 Nf6 5. O-O Be7 6. Re1 b5 7. Bb3 O-O 8. c3
d5 9. d4 exd4 10. e5 Ne4 11. cxd4 Bg4 12. Nc3 Bxf3 13. gxf3 Nxc3 14. bxc3 Na5
15. Bc2 Bg5 16. f4 Bh4 17. Qg4 Nc6 18. Re3 f5 19. Bxf5 Qe8 20. Bxh7+ Kxh7 21.
Qxh4+ Kg8 22. Rg3 Ne7 23. Rg5 Rf5 24. Qg4 Qf7 25. Be3 Rxg5 26. fxg5 Qf5 27. Qxf5
Nxf5 28. Re1 Kf7 29. f4 Rh8 30. Bf2 Rh3 31. e6+ Ke7 32. Re5 g6 33. Be1 Re3 34.
Bf2 Rxe5 35. dxe5 Kxe6 36. Bc5 Ng7 37. Kg2 Kf5 38. Kf3 Ne6 39. Be3 c5 40. Bd2 a5
41. a3 b4 42. a4 b3 43. Bc1 Nxf4 0-1

[Event "AUTO-OPEN-2882"]
[Site "http://www.queenalice.com/game.php?id=1201478"]
[Date "2013.7.20"]
[Round "2"]
[White "rhsatrhs"]
[Black "pgierech"]
[Result "1-0"]
[WhiteElo "2012"]
[BlackElo "2031"]

1. e4 d5 2. exd5 Qxd5 3. Nc3 Qa5 4. d4 c6 5. Nf3 Nf6 6. Bc4 Bg4 7. h3 Bh5 8. Bd2
e6 9. Qe2 Be7 10. O-O-O Nbd7 11. g4 Bg6 12. Rde1 Qc7 13. Ng5 O-O-O 14. f4 h6 15.
Nf3 Rhe8 16. Ne5 Nxe5 17. fxe5 Nd5 18. h4 Nb6 19. Bb3 Rxd4 20. h5 Bh7 21. Qf2
Rxg4 22. Qxf7 1-0

[Event "AUTO-OPEN-2882"]
[Site "http://www.queenalice.com/game.php?id=1201479"]
[Date "2013.7.20"]
[Round "2"]
[White "pgierech"]
[Black "rhsatrhs"]
[Result "1-0"]
[WhiteElo "2009"]
[BlackElo "2017"]

1. e4 c5 2. Nf3 d6 3. d4 cxd4 4. Nxd4 Nf6 5. Nc3 a6 6. Be3 e5 7. Nb3 Be6 8. f3
Be7 9. Be2 O-O 10. Qd2 Qc7 11. O-O-O Nbd7 12. g4 Kh8 13. h4 Ng8 14. Nd5 Qd8 15.
Nxe7 Qxe7 16. Qxd6 Qxd6 17. Rxd6 Rac8 18. Kb1 Rc7 19. Rhd1 Rfc8 20. c3 Ngf6 21.
h5 Ne8 22. R6d2 f6 23. f4 Kg8 24. g5 Kf7 25. f5 Bxb3 26. Rxd7+ Kf8 27. axb3 1-0

[Event "Let's Play Chess!"]
[Site "http://www.queenalice.com/game.php?id=1202309"]
[Date "2013.7.26"]
[Round "-"]
[White "Eggchaser"]
[Black "rhsatrhs"]
[Result "1-0"]
[WhiteElo "1808"]
[BlackElo "2037"]

1. Nf3 c5 2. e4 d6 3. d4 cxd4 4. Nxd4 Nf6 5. Nc3 a6 6. Bc4 e6 7. O-O b5 8. Bd3
Bb7 9. a3 Be7 10. Be3 O-O 11. Qd2 d5 12. e5 Ng4 13. Bf4 Bc5 14. Nce2 f6 15. Nxe6
Qb6 16. Nxc5 Qxc5 17. exf6 Rxf6 18. h3 Nh6 19. Be5 Rf7 20. Bd4 Qd6 21. Ng3 Rf6
22. Bxf6 Qxf6 23. c3 Nc6 24. Rfe1 Ne5 25. Bc2 Nhf7 26. Qd4 Rc8 27. Bb3 Qd6 28.
Rad1 Nc4 29. Nf5 1-0

[Event "Challenge"]
[Site "http://www.queenalice.com/game.php?id=1222293"]
[Date "2013.10.5"]
[Round "-"]
[White "Eggchaser"]
[Black "rhsatrhs"]
[Result "0-1"]
[WhiteElo "1909"]
[BlackElo "2001"]

1. e4 c5 2. Nf3 d6 3. d4 cxd4 4. Nxd4 Nf6 5. Nc3 a6 6. Be3 Ng4 7. Bg5 h6 8. Bh4
g5 9. Bg3 Bg7 10. Be2 h5 11. h4 gxh4 12. Bxh4 Qb6 13. Nb3 Nc6 14. Nd5 Qd8 15.
Bxg4 Bxg4 16. f3 Be6 17. Qd2 Bxb2 18. Rb1 Bg7 19. Nxe7 Nxe7 20. Qg5 Bh6 21. Qxh5
Bd2+ 0-1

[Event "AUTO-OPEN-3107"]
[Site "http://www.queenalice.com/game.php?id=1226854"]
[Date "2013.10.24"]
[Round "1"]
[White "rhsatrhs"]
[Black "mouderjr"]
[Result "1-0"]
[WhiteElo "2019"]
[BlackElo "2021"]

1. e4 c5 2. Nf3 d6 3. d4 cxd4 4. Nxd4 a6 5. Nc3 e5 6. Nb3 Be7 7. Bc4 h6 8. Nd5
b5 9. Bd3 Nf6 10. c4 Nxd5 11. cxd5 O-O 12. O-O Nd7 13. Bd2 Nc5 14. Nxc5 f5 15.
Nb3 f4 16. f3 Rf6 17. a4 Bd7 18. Na5 b4 19. Bxb4 Qb6+ 20. Rf2 Qxb4 21. Nc6 Bxc6
22. dxc6 Bd8 23. Rc1 Qb8 24. Bc4+ Kh8 25. Qd3 Bb6 26. Bxa6 Bxf2+ 27. Kxf2 Qb6+
28. Ke2 Rf7 29. Bb5 h5 30. b4 Qb8 31. Qd5 Raa7 32. Ra1 Qc7 33. a5 Rf8 34. Ra3
Rb8 35. Ra4 Kh7 36. Bc4 h4 37. a6 Qb6 38. Qxd6 Rd8 39. Qc5 Qc7 40. b5 Rb8 41.
Ra3 Kh8 42. Rd3 Qa5 43. Qxe5 Rxb5 44. Qe8+ Kh7 45. Bg8+ Kh6 46. Rd6+ 1-0

[Event "AUTO-OPEN-3107"]
[Site "http://www.queenalice.com/game.php?id=1226855"]
[Date "2013.10.24"]
[Round "1"]
[White "mouderjr"]
[Black "rhsatrhs"]
[Result "1-0"]
[WhiteElo "1969"]
[BlackElo "2002"]

1. e4 c5 2. Nf3 d6 3. Bb5+ Nd7 4. O-O a6 5. Bc4 e6 6. d4 b5 7. Be2 cxd4 8. Nxd4
Ngf6 9. Bg5 Be7 10. Bf3 O-O 11. Nc6 Qe8 12. Nxe7+ Qxe7 13. e5 Ra7 14. exf6 Nxf6
15. Nc3 d5 16. Re1 h6 17. Nxd5 1-0

[Event "AUTO-OPEN-3107"]
[Site "http://www.queenalice.com/game.php?id=1226856"]
[Date "2013.10.24"]
[Round "1"]
[White "rhsatrhs"]
[Black "askasl159"]
[Result "1-0"]
[WhiteElo "2042"]
[BlackElo "1782"]

1. e4 e5 2. Nf3 Nc6 3. Bb5 d6 4. d4 Bd7 5. Nc3 g6 6. O-O Bg7 7. Be3 a6 8. Ba4
Nge7 9. Ne2 O-O 10. Qd2 b5 11. Bb3 a5 12. c3 a4 13. Bc2 Na5 14. b3 axb3 15. axb3
Be6 16. c4 bxc4 17. Rxa5 cxb3 18. Bb1 Bc4 19. Re1 c5 20. dxc5 Rxa5 21. cxd6 Nc6
22. Qc3 Be6 23. Qxc6 Bd7 24. Qc7 Be6 25. Bb6 Qxc7 26. dxc7 Rb5 27. Ba7 Rb7 28.
Bb8 Bf6 29. Nc1 Re8 30. Nd3 Rb5 31. Rc1 Bd7 32. Nfxe5 Bxe5 33. Nxe5 b2 34. Rc2
Rbxe5 35. c8=Q Bxc8 36. Bxe5 Bb7 37. Rxb2 Bc6 38. Rb8 Rxb8 39. Bxb8 Kf8 40. f3
Ke7 41. Kf2 Ke6 42. Ke3 h5 43. Ba2+ Ke7 44. e5 Bd7 45. Bd6+ Ke8 46. Kf4 Bf5 47.
Kg5 Kd7 48. Bxf7 Bd3 49. Bf8 Kd8 50. e6 Bf5 51. e7+ Kc7 52. e8=Q Bd7 53. Qe5+
Kc8 54. Be6 Bxe6 55. Qxe6+ Kb7 56. Bc5 Kc7 57. Qd6+ Kb7 58. Qb6+ Kc8 59. Qa7 Kd8
60. Bd6 Ke8 61. Qe7# 1-0

[Event "AUTO-OPEN-3107"]
[Site "http://www.queenalice.com/game.php?id=1226857"]
[Date "2013.10.24"]
[Round "1"]
[White "askasl159"]
[Black "rhsatrhs"]
[Result "0-1"]
[WhiteElo "1808"]
[BlackElo "2035"]

1. e4 c5 2. Bc4 e6 3. g3 Nf6 4. Qe2 Nc6 5. Nf3 Nb4 6. Bb3 Be7 7. d4 cxd4 8. Bg5
O-O 9. Nxd4 Qc7 10. Nc3 a6 11. a3 Nc6 12. Nxc6 dxc6 13. Bxf6 Bxf6 14. Qe3 c5 15.
O-O Bd4 16. Qd2 e5 17. Nd5 Qd6 18. c3 c4 19. cxd4 cxb3 20. dxe5 Qxe5 21. Rfe1
Be6 22. Nb6 Rad8 23. Qe3 Rd6 24. Re2 Rfd8 25. Rc1 Rd3 26. Qf4 Qxf4 27. gxf4 Bg4
28. Ree1 Bf3 29. e5 Bc6 30. f5 Rf3 31. e6 Rxf5 32. e7 Re8 33. Nc4 Rd5 34. Nd2
Rxd2 35. Rc3 Rxb2 36. Rd3 f6 37. Rd8 Kf7 38. Rd3 Rxe7 39. Rxe7+ Kxe7 40. h4 Rb1+
41. Kh2 Rh1+ 42. Kg3 b2 43. Re3+ Kf7 44. Kg4 b1=Q 45. Kg3 Qg6+ 46. Kf4 Rxh4# 0-1

[Event "AUTO-OPEN-3107"]
[Site "http://www.queenalice.com/game.php?id=1226858"]
[Date "2013.10.24"]
[Round "1"]
[White "rhsatrhs"]
[Black "Andrez"]
[Result "1-0"]
[WhiteElo "2001"]
[BlackElo "2049"]

1. e4 e5 2. Nf3 Nc6 3. Bb5 d6 4. d4 exd4 5. Nxd4 Bd7 6. Nc3 Be7 7. Bxc6 bxc6 8.
O-O Nf6 9. Qf3 O-O 10. e5 Ne8 11. exd6 Bxd6 12. g3 Bh3 13. Nxc6 Qc8 14. Re1 Nf6
15. Ne7+ Bxe7 16. Rxe7 Re8 17. Rxe8+ Qxe8 18. Bd2 Rd8 19. Re1 Qd7 20. Bg5 Bg4
21. Qf4 Nh5 22. Qe3 f6 23. Bf4 Nxf4 24. Qxf4 h5 25. f3 Bh3 26. Rd1 Qe7 27. Rxd8+
Qxd8 28. a3 Qe8 29. Kf2 c6 30. Ne4 Qe7 31. b4 a5 32. Nd6 axb4 33. axb4 Qa7+ 34.
Qe3 Qxe3+ 35. Kxe3 Kf8 36. Kd4 Ke7 37. Kc5 Kd7 38. c4 g5 39. Ne4 Ke6 40. Kxc6
Bg2 41. Nd2 g4 42. Kc7 gxf3 43. Nxf3 Bxf3 44. b5 f5 45. c5 h4 46. c6 hxg3 47.
hxg3 Kd5 48. b6 Kd4 49. b7 Bxc6 50. Kxc6 Ke3 51. b8=Q Kf3 52. Qf4+ 1-0

[Event "AUTO-OPEN-3107"]
[Site "http://www.queenalice.com/game.php?id=1226859"]
[Date "2013.10.24"]
[Round "1"]
[White "Andrez"]
[Black "rhsatrhs"]
[Result "0-1"]
[WhiteElo "1973"]
[BlackElo "1985"]

1. f4 d5 2. Nf3 g6 3. e3 Bg7 4. Be2 Nf6 5. O-O O-O 6. b3 Nc6 7. Bb2 e6 8. a4 a6
9. Qe1 Nb4 10. Na3 c5 11. Ne5 d4 12. Rd1 Qd6 13. h4 h5 14. c3 Nc6 15. Nac4 Qc7
16. cxd4 cxd4 17. exd4 b5 18. axb5 axb5 19. Ne3 Ra2 20. Rb1 b4 21. Qc1 Bb7 22.
Bb5 Rc8 23. Bc4 Qb6 24. Nxc6 Bxc6 25. d3 Ng4 26. Ra1 Rxb2 27. Qxb2 Bxd4 28. Qe2
Nxe3 29. Rf2 Bxa1 30. Kh2 Ng4+ 31. Kg3 Nxf2 32. Qxf2 Qxf2+ 33. Kxf2 Bd4+ 0-1